[Event "Split op"]
[Site "Split"]
[Date "2009.05.06"]
[Round "7"]
[White "Bratosevic, Mladen"]
[Black "Miskovic, Toni"]
[Result "0-1"]
[WhiteElo "2201"]
[BlackElo "1947"]
[PlyCount "68"]
[EventDate "2009.04.28"]
[EventType "swiss"]
[EventRounds "7"]
[EventCountry "CRO"]
[SourceTitle "CBM 130 Extra"]
[Source "ChessBase"]
[SourceDate "2009.07.02"]
[SourceVersion "2"]
[SourceVersionDate "2009.07.15"]
[SourceQuality "1"]

1. d4 d5 2. c4 e6 3. Nf3 Nf6 4. Bg5 Nbd7 5. Nc3 c6 6. Qc2 Qa5 7. cxd5 exd5 8. Nd2 Be7 9. e3 0-0 10. Bd3 Re8 11. 0-0 Nf8 12. a3 Qd8 13. b4 a6 14. Na4 Ne4 15. Bf4 Nxd2 16. Qxd2 Ne6 17. Bg3 Bh4 18. Qc2 g6 19. Nc5 Bxg3 20. hxg3 Nxc5 21. Qxc5 h5 22. Rfc1 Kg7 23. Kf1 h4 24. gxh4 Qxh4 25. g3 Qh1+ 26. Ke2 Bg4+ 27. Kd2 Qf3 28. Rf1 Bh3 29. Be2 Qf6 30. Rh1 Qxf2 31. Rxh3 Qxe3+ 32. Kc2 Qxe2+ 33. Kb3 Re3+ 34. Ka4 Qb5+ 0-1

[Event "Split op"]
[Site "Split"]
[Date "2009.04.30"]
[Round "3"]
[White "Miskovic, Toni"]
[Black "Tomic Potrebujes, Zlatko"]
[Result "1/2-1/2"]
[WhiteElo "1947"]
[BlackElo "2042"]
[PlyCount "64"]
[EventDate "2009.04.28"]
[EventType "swiss"]
[EventRounds "7"]
[EventCountry "CRO"]
[SourceTitle "CBM 130 Extra"]
[Source "ChessBase"]
[SourceDate "2009.07.02"]
[SourceVersion "2"]
[SourceVersionDate "2009.07.15"]
[SourceQuality "1"]

1. d4 Nf6 2. Nf3 d5 3. g3 g6 4. Bg2 Bg7 5. 0-0 0-0 6. Nbd2 c6 7. b3 Ne4 8. Nxe4 dxe4 9. Ne5 f5 10. Bb2 Nd7 11. Nxd7 Bxd7 12. e3 Re8 13. c4 e6 14. Qc2 Qe7 15. Rfd1 Rad8 16. Bf1 Bc8 17. Rd2 h5 18. Rad1 Kh7 19. d5 exd5 20. Bxg7 Kxg7 21. cxd5 cxd5 22. Rxd5 Be6 23. Qc3+ Kf7 24. Bc4 Rxd5 25. Rxd5 Rd8 26. Re5 Rd6 27. Rxe6 Rxe6 28. Qh8 Qd6 29. Qh7+ Kf6 30. Qh8+ Ke7 31. Qg7+ Kd8 32. Bxe6 Qd1+ 1/2-1/2

[Event "CRO-chT U20 18th"]
[Site "Sv Filip i Jakov"]
[Date "2009.04.18"]
[Round "9"]
[White "Miskovic, Toni"]
[Black "Buhin, Denis"]
[Result "1/2-1/2"]
[WhiteElo "1956"]
[BlackElo "1916"]
[PlyCount "95"]
[EventDate "2009.04.14"]
[EventType "team-tourn"]
[EventRounds "11"]
[EventCountry "CRO"]
[SourceTitle "CBM 129 Extra"]
[Source "ChessBase"]
[SourceDate "2009.05.05"]
[SourceVersion "2"]
[SourceVersionDate "2009.05.20"]
[SourceQuality "1"]

1. d4 Nf6 2. Nf3 g6 3. g3 Bg7 4. Bg2 c5 5. e3 0-0 6. 0-0 d5 7. b3 cxd4 8. exd4 Nc6 9. Bb2 Bf5 10. a3 Rc8 11. Nbd2 Ne4 12. Rc1 Nxd2 13. Qxd2 b5 14. Rfd1 Qa5 15. c3 Rfd8 16. Ne1 Qb6 17. Nd3 Bxd3 18. Qxd3 e6 19. Bf1 a6 20. b4 Ne7 21. Ra1 Nf5 22. a4 Nd6 23. axb5 axb5 24. Ra2 Ra8 25. Rda1 Qb7 26. Qb1 Bh6 27. Bc1 Bxc1 28. Qxc1 Rxa2 29. Rxa2 Ra8 30. Rxa8+ Qxa8 31. Qb2 Qa4 32. Kg2 Qd1 33. Be2 Qe1 34. Bd3 Nc4 35. Bxc4 dxc4 36. Qa3 Kg7 37. h4 h5 38. Kf3 Kf6 39. Qb2 Qd1+ 40. Qe2 Qh1+ 41. Kf4 Qc1+ 42. Qe3 Qc2 43. Qe5+ Ke7 44. Qc5+ Kf6 45. Qe5+ Ke7 46. Qc5+ Kf6 47. Qe5+ Ke7 48. Qc5+ 1/2-1/2

[Event "CRO-chT U20 18th"]
[Site "Sv Filip i Jakov"]
[Date "2009.04.17"]
[Round "7"]
[White "Miskovic, Toni"]
[Black "Grguric, Stjepan Kresimir"]
[Result "1/2-1/2"]
[WhiteElo "1956"]
[BlackElo "1937"]
[PlyCount "26"]
[EventDate "2009.04.14"]
[EventType "team-tourn"]
[EventRounds "11"]
[EventCountry "CRO"]
[SourceTitle "CBM 129 Extra"]
[Source "ChessBase"]
[SourceDate "2009.05.05"]
[SourceVersion "2"]
[SourceVersionDate "2009.05.20"]
[SourceQuality "1"]

1. d4 Nf6 2. Nf3 e6 3. g3 c5 4. e3 d5 5. Bg2 Nc6 6. 0-0 Be7 7. b3 0-0 8. Bb2 b6 9. Nbd2 Ba6 10. Re1 Re8 11. Rc1 Bb7 12. a3 a6 13. Ne5 Nxe5 1/2-1/2

[Event "Split op 3rd"]
[Site "Split"]
[Date "2009.03.03"]
[Round "4"]
[White "Miskovic, Toni"]
[Black "Zaper, Mirko"]
[Result "1-0"]
[WhiteElo "1956"]
[BlackElo "2028"]
[PlyCount "97"]
[EventDate "2009.02.28"]
[EventType "swiss"]
[EventRounds "9"]
[EventCountry "CRO"]
[SourceTitle "CBM 129 Extra"]
[Source "ChessBase"]
[SourceDate "2009.05.05"]
[SourceVersion "2"]
[SourceVersionDate "2009.05.20"]
[SourceQuality "1"]

1. d4 Nf6 2. Nf3 g6 3. g3 Bg7 4. Bg2 c5 5. e3 0-0 6. 0-0 d5 7. b3 cxd4 8. exd4 Nc6 9. Bb2 Bf5 10. c3 Qd7 11. Nbd2 Bg4 12. Re1 Qf5 13. Qb1 Qc8 14. Ne5 Nxe5 15. dxe5 Nd7 16. Bxd5 Nxe5 17. c4 Qc7 18. Qe4 Bf5 19. Bxe5 Bxe4 20. Bxc7 Bxd5 21. cxd5 Bxa1 22. Rxa1 Rac8 23. Bf4 Rfd8 24. d6 exd6 25. Ne4 d5 26. Nf6+ Kg7 27. Be5 Kh6 28. g4 d4 29. f4 g5 30. f5 Rc2 31. Nh5 f6 32. Bxf6 Rd7 33. Rd1 Rxa2 34. Rxd4 Rc7 35. Rd1 Ra6 36. Be5 Rf7 37. Kf2 Rc6 38. Rd3 Rxf5+ 39. gxf5 Kxh5 40. Ke3 Rc1 41. Ke4 Rf1 42. Rf3 Re1+ 43. Kd5 g4 44. Rc3 a5 45. Ke6 b5 46. f6 Kg6 47. Rc7 h5 48. Rg7+ Kh6 49. Rg8 1-0

[Event "CRO-ch U19"]
[Site "Bjelolasica"]
[Date "2008.07.26"]
[Round "9"]
[White "Novosel, Tomislav"]
[Black "Miskovic, Toni"]
[Result "1-0"]
[WhiteElo "2161"]
[BlackElo "1954"]
[PlyCount "51"]
[EventDate "2008.07.20"]
[EventType "swiss"]
[EventRounds "9"]
[EventCountry "CRO"]
[SourceTitle "CBM 125 Extra"]
[Source "ChessBase"]
[SourceDate "2008.09.01"]
[SourceVersion "1"]
[SourceVersionDate "2008.09.01"]
[SourceQuality "1"]

1. d4 d5 2. Nf3 Nf6 3. c4 e6 4. Nc3 Nbd7 5. Qc2 Be7 6. Bg5 b6 7. cxd5 exd5 8. e3 Bb7 9. Bd3 0-0 10. 0-0 Re8 11. Ne5 Nxe5 12. dxe5 Ne4 13. Bf4 Nxc3 14. Bxh7+ Kh8 15. bxc3 Bc5 16. Bd3 Qh4 17. Bg3 Qh5 18. Be2 Qh6 19. Bf3 Re6 20. Rfd1 c6 21. c4 Rg6 22. cxd5 cxd5 23. Bxd5 Bxd5 24. Rxd5 Rxg3 25. hxg3 Qh5 26. Rad1 1-0

[Event "CRO-ch U19"]
[Site "Bjelolasica"]
[Date "2008.07.22"]
[Round "4"]
[White "Valkovic, Kristian"]
[Black "Miskovic, Toni"]
[Result "1/2-1/2"]
[WhiteElo "1965"]
[BlackElo "1954"]
[PlyCount "63"]
[EventDate "2008.07.20"]
[EventType "swiss"]
[EventRounds "9"]
[EventCountry "CRO"]
[SourceTitle "CBM 125 Extra"]
[Source "ChessBase"]
[SourceDate "2008.09.01"]
[SourceVersion "1"]
[SourceVersionDate "2008.09.01"]
[SourceQuality "1"]

1. e4 c6 2. d4 d5 3. f3 dxe4 4. fxe4 e5 5. Nf3 Bg4 6. c3 exd4 7. Qxd4 Qxd4 8. Nxd4 Nd7 9. Bc4 Ne5 10. Nd2 Nxc4 11. Nxc4 Nf6 12. e5 Nd5 13. 0-0 Bc5 14. Nd6+ Bxd6 15. exd6 0-0 16. c4 Nb6 17. c5 Nd7 18. b4 Rfe8 19. h3 Be6 20. Bb2 g6 21. Nxe6 Rxe6 22. Rfe1 Rae8 23. Rxe6 Rxe6 24. Kf2 f5 25. a4 b6 26. cxb6 Nxb6 27. Rd1 Nd5 28. b5 Rxd6 29. bxc6 Rxc6 30. Rxd5 Rc2+ 31. Kg1 Rxb2 32. Rd8+ 1/2-1/2

[Event "CRO-ch U19"]
[Site "Bjelolasica"]
[Date "2008.07.20"]
[Round "1"]
[White "Plenca, Julian"]
[Black "Miskovic, Toni"]
[Result "1-0"]
[WhiteElo "2295"]
[BlackElo "1954"]
[PlyCount "75"]
[EventDate "2008.07.20"]
[EventType "swiss"]
[EventRounds "9"]
[EventCountry "CRO"]
[SourceTitle "CBM 125 Extra"]
[Source "ChessBase"]
[SourceDate "2008.09.01"]
[SourceVersion "1"]
[SourceVersionDate "2008.09.01"]
[SourceQuality "1"]

1. e4 c6 2. d4 d5 3. exd5 cxd5 4. c4 Nf6 5. Nc3 Nc6 6. Bg5 e6 7. Nf3 Be7 8. c5 0-0 9. Bb5 Ne4 10. Bd2 Nxd2 11. Qxd2 Bf6 12. 0-0 Bd7 13. Rfe1 Qc7 14. Ba4 a6 15. Bxc6 Bxc6 16. b4 Bb5 17. a4 Bc4 18. Nd1 b5 19. Ne3 Rfd8 20. Ng4 Be7 21. Nfe5 Bf8 22. Re3 f6 23. Nxc4 dxc4 24. Rxe6 Qd7 25. Re4 f5 26. Ne5 Qd5 27. Ree1 g6 28. Nf3 Bg7 29. h4 h6 30. Re7 bxa4 31. Rxa4 c3 32. Qxc3 Bxd4 33. Nxd4 Qxd4 34. Qb3+ Qd5 35. Qxd5+ Rxd5 36. Re6 a5 37. Rxg6+ Kh7 38. Rc6 1-0

[Event "Omis op"]
[Site "Omis"]
[Date "2007.10.07"]
[Round "6"]
[White "Miskovic, Toni"]
[Black "Miskovic, Bozo"]
[Result "1-0"]
[WhiteElo "1934"]
[BlackElo "2026"]
[PlyCount "41"]
[EventDate "2007.10.05"]
[EventType "swiss"]
[EventRounds "7"]
[EventCountry "CRO"]
[SourceTitle "CBM 120 Extra"]
[Source "ChessBase"]
[SourceDate "2007.11.01"]
[SourceVersion "1"]
[SourceVersionDate "2007.11.01"]
[SourceQuality "1"]

1. d4 f5 2. Nf3 Nf6 3. Nc3 b6 4. Bg5 Bb7 5. Bxf6 exf6 6. e3 Bb4 7. Qd2 0-0 8. Bd3 g6 9. 0-0-0 d5 10. h3 a5 11. g4 fxg4 12. hxg4 Nd7 13. Nh4 Rf7 14. Rh3 c5 15. Rdh1 Bxc3 16. Qxc3 Nf8 17. Qe1 Rc8 18. Qg1 c4 19. Bxg6 Nxg6 20. Nxg6 hxg6 21. Rh8+ 1-0

[Event "Omis op"]
[Site "Omis"]
[Date "2007.10.06"]
[Round "3"]
[White "Klaric, Ante"]
[Black "Miskovic, Toni"]
[Result "0-1"]
[WhiteElo "1663"]
[BlackElo "1934"]
[PlyCount "140"]
[EventDate "2007.10.05"]
[EventType "swiss"]
[EventRounds "7"]
[EventCountry "CRO"]
[SourceTitle "CBM 120 Extra"]
[Source "ChessBase"]
[SourceDate "2007.11.01"]
[SourceVersion "1"]
[SourceVersionDate "2007.11.01"]
[SourceQuality "1"]

1. d4 d5 2. Nf3 Nf6 3. c4 e6 4. Nc3 Be7 5. Bf4 0-0 6. e3 b6 7. Bd3 Bb7 8. 0-0 Na6 9. Qe2 Nb4 10. Bb1 dxc4 11. Qxc4 Ba6 12. Qxc7 Qxc7 13. Bxc7 Bxf1 14. Kxf1 Nbd5 15. Nxd5 Nxd5 16. Bg3 Rac8 17. Be4 f6 18. a3 Rfd8 19. Rd1 Bd6 20. Ke2 Bxg3 21. hxg3 g6 22. Bb1 Kg7 23. e4 Ne7 24. Rd2 Nc6 25. Ba2 e5 26. d5 Na5 27. Kd3 Nb7 28. b4 Nd6 29. Rb2 Rc1 30. Nd2 Rdc8 31. Rb3 Nb5 32. a4 R1c3+ 33. Rxc3 Rxc3+ 34. Ke2 Nd6 35. f3 Kf8 36. Kd1 Ra3 37. Bb3 Ra1+ 38. Ke2 Ke7 39. g4 g5 40. g3 Rh1 41. Nf1 h5 42. gxh5 Rxh5 43. g4 Rh8 44. Ne3 Rh2+ 45. Kd3 Rf2 46. Bd1 Ra2 47. Kc3 Ra3+ 48. Bb3 Ra1 49. Nd1 Rc1+ 50. Kd2 Rc8 51. Ne3 a5 52. bxa5 bxa5 53. Kd3 Rb8 54. Kc3 Kd7 55. Nc4 Nxc4 56. Bxc4 Rb4 57. Bb5+ Kd6 58. Kd3 Kc5 59. Be8 Rb3+ 60. Ke2 Kd4 61. d6 Rb2+ 62. Kf1 Ke3 63. Bc6 Kxf3 64. Ke1 Ke3 65. Kf1 Kf3 66. Ke1 Rb8 67. Kd2 Kxg4 68. Kd3 Kf3 69. d7 g4 70. Bb7 Rd8 0-1

[Event "Stobrec Epetium op"]
[Site "Stobrec"]
[Date "2007.08.24"]
[Round "6"]
[White "Miskovic, Toni"]
[Black "Ivic, Mateo"]
[Result "0-1"]
[WhiteElo "1934"]
[BlackElo "2304"]
[PlyCount "70"]
[EventDate "2007.08.18"]
[EventType "swiss"]
[EventRounds "7"]
[EventCountry "CRO"]
[SourceTitle "CBM 120 Extra"]
[Source "ChessBase"]
[SourceDate "2007.11.01"]
[SourceVersion "1"]
[SourceVersionDate "2007.11.01"]
[SourceQuality "1"]

1. e4 e5 2. Nf3 Nc6 3. d4 exd4 4. Nxd4 Nf6 5. Nc3 Bb4 6. Nxc6 bxc6 7. Bd3 d5 8. exd5 cxd5 9. 0-0 0-0 10. Bg5 c6 11. Qf3 Be7 12. h3 Be6 13. Ne2 c5 14. c3 Rb8 15. b3 h6 16. Bf4 Rb6 17. Be3 Nd7 18. Qg3 Bh4 19. Qh2 Bf6 20. Qg3 Bh4 21. Qh2 a5 22. Rab1 Re8 23. Bf4 Qf6 24. Bc7 Rb7 25. Bxa5 Ne5 26. Bc2 Bd7 27. Qf4 Nf3+ 28. Qxf3 Qxf3 29. gxf3 Rxe2 30. Bd3 Rxa2 31. Ra1 Rd2 32. Bb1 Bxh3 33. c4 Re2 34. Be1 g6 35. Bc3 d4 0-1

[Event "Kastela op"]
[Site "Kastela"]
[Date "2005.07.09"]
[Round "7"]
[White "Miskovic, Toni"]
[Black "Bilus Gagic, Ante"]
[Result "1/2-1/2"]
[WhiteElo "2000"]
[BlackElo "2016"]
[PlyCount "73"]
[EventDate "2005.07.04"]
[EventType "swiss"]
[EventRounds "9"]
[EventCountry "CRO"]
[SourceTitle "EXT 2006"]
[Source "ChessBase"]
[SourceDate "2005.11.24"]
[SourceVersion "1"]
[SourceVersionDate "2005.11.24"]
[SourceQuality "1"]

1. d4 Nf6 2. Nf3 d5 3. c4 c6 4. cxd5 Nxd5 5. g3 Bf5 6. Qb3 Qb6 7. Qxb6 Nxb6 8. Nc3 e6 9. Bg2 N8d7 10. 0-0 Be7 11. b3 h6 12. Bb2 0-0 13. Rfe1 a5 14. a4 Bb4 15. e4 Bh7 16. Re3 f5 17. Ne5 Nxe5 18. dxe5 f4 19. Rd3 fxg3 20. hxg3 Kf7 21. Rad1 Ke7 22. Ne2 Rad8 23. Bd4 Nd7 24. Nf4 g5 25. Nh5 c5 26. Bb2 Nb8 27. Rd6 c4 28. Rxd8 Rxd8 29. Rxd8 Kxd8 30. bxc4 Na6 31. Nf6 Bg6 32. Bd4 Bc5 33. Bc3 Bb4 34. Bd4 Bc5 35. Bc3 b6 36. Bh3 Nc7 37. Kf1 1/2-1/2

[Event "Kastela op"]
[Site "Kastela"]
[Date "2005.07.08"]
[Round "5"]
[White "Bradaric, Ratomir"]
[Black "Miskovic, Toni"]
[Result "1/2-1/2"]
[WhiteElo "2134"]
[BlackElo "2000"]
[PlyCount "33"]
[EventDate "2005.07.04"]
[EventType "swiss"]
[EventRounds "9"]
[EventCountry "CRO"]
[SourceTitle "EXT 2006"]
[Source "ChessBase"]
[SourceDate "2005.11.24"]
[SourceVersion "1"]
[SourceVersionDate "2005.11.24"]
[SourceQuality "1"]

1. e4 c6 2. Bc4 d5 3. exd5 cxd5 4. Bb3 Nc6 5. a3 Nf6 6. d4 Bf5 7. Ne2 e6 8. 0-0 Bd6 9. c3 0-0 10. Bc2 Bxc2 11. Qxc2 Rc8 12. f4 Ne4 13. Nd2 f5 14. Nf3 b5 15. Ne5 a5 16. Nxc6 Rxc6 17. Qd3 1/2-1/2